=LDR 00000nam 2200000 4500 =001 INLIS000000000046487 =005 20221108071420 =035 ##$$a 0010-031500000000259 =008 221108################g##########0#ind## =082 ##$$a 028.5 =090 ##$$a 028.5 $b far m =100 ##$$a Farr, Michael =245 1#$$a Muller : $b Dasar Setan /$c Michael Farr ; alih bahasa, Donna Widjajanto ; editor, Anastasia Mustika W =260 ##$$a jakarta :$b Gramedia,$c 2006 =300 ##$$a 42 hlm : $b illus ; $c 18 cm =850 ##$$a NPBMAT =020 ##$$a 978-979-22-5978-0 =084 ##$$a 028.5 FAR m =990 ##$$a 21102431 =990 ##$$a 21102430